[Event "Steyr Landesliga 1920"]
[Site "Austria"]
[Date "2020.03.07"]
[Round "9.5"]
[White "Guede, Werner"]
[Black "Rattinger, Thomas"]
[Result "1/2-1/2"]
[WhiteElo "2031"]
[BlackElo "1959"]
[PlyCount "23"]
[EventDate "2019.09.28"]
[EventType "team-tourn"]
[EventRounds "11"]
[EventCountry "AUT"]
[SourceTitle "CBM 195 Extra"]
[Source "ChessBase"]
[SourceDate "2020.05.31"]
[SourceVersion "1"]
[SourceVersionDate "2020.05.31"]
[SourceQuality "1"]
[WhiteTeam "Graz Schachgesellschaft"]
[BlackTeam "Krieglach Windheimat"]
[WhiteTeamCountry "AUT"]
[BlackTeamCountry "AUT"]

1. e4 c5 2. Nf3 e6 3. d4 cxd4 4. Nxd4 Nc6 5. c3 a6 6. Bd3 Nf6 7. 0-0 Be7 8. Kh1 d5 9. Nxc6 bxc6 10. e5 Nd7 11. f4 Qb6 12. Nd2 1/2-1/2

[Event "Steyr Landesliga 1920"]
[Site "Austria"]
[Date "2019.10.19"]
[Round "3.5"]
[White "Guede, Werner"]
[Black "Schieder, Josef"]
[Result "1-0"]
[WhiteElo "2031"]
[BlackElo "2008"]
[PlyCount "67"]
[EventDate "2019.09.28"]
[EventType "team-tourn"]
[EventRounds "11"]
[EventCountry "AUT"]
[SourceTitle "CBM 193 Extra"]
[Source "ChessBase"]
[SourceDate "2020.01.31"]
[SourceVersion "1"]
[SourceVersionDate "2020.01.31"]
[SourceQuality "1"]
[WhiteTeam "Graz Schachgesellschaft"]
[BlackTeam "Pinggau Friedberg"]
[WhiteTeamCountry "AUT"]
[BlackTeamCountry "AUT"]

1. e4 e5 2. Nf3 Nc6 3. Bc4 Nf6 4. d3 Be7 5. Nc3 d6 6. h3 Na5 7. Bb3 Nxb3 8. axb3 0-0 9. 0-0 h6 10. Qe2 Re8 11. Bd2 Be6 12. Nh2 d5 13. exd5 Nxd5 14. Qxe5 Bd6 15. Qh5 Bf4 16. Bxf4 Nxf4 17. Qf3 g5 18. Qxb7 c6 19. Qxc6 Rc8 20. Qa6 Rxc3 21. bxc3 g4 22. hxg4 Bd5 23. Qxh6 Ne2+ 24. Kh1 Re6 25. Qd2 Qh4 26. g5 Nf4 27. Ra4 Bxg2+ 28. Kg1 Be4 29. f3 Nh3+ 30. Kh1 Bxf3+ 31. Rxf3 Re1+ 32. Rf1 Rxf1+ 33. Nxf1 Nf4+ 34. Qh2 1-0

[Event "Steyr Landesliga 1920"]
[Site "Austria"]
[Date "2019.10.05"]
[Round "2.6"]
[White "Guede, Werner"]
[Black "Wieser, Andreas"]
[Result "0-1"]
[WhiteElo "2031"]
[BlackElo "2078"]
[PlyCount "84"]
[EventDate "2019.09.28"]
[EventType "team-tourn"]
[EventRounds "11"]
[EventCountry "AUT"]
[SourceTitle "CBM 193 Extra"]
[Source "ChessBase"]
[SourceDate "2020.01.31"]
[SourceVersion "1"]
[SourceVersionDate "2020.01.31"]
[SourceQuality "1"]
[WhiteTeam "Graz Schachgesellschaft"]
[BlackTeam "Graz Styria"]
[WhiteTeamCountry "AUT"]
[BlackTeamCountry "AUT"]

1. e4 c6 2. d4 d5 3. exd5 cxd5 4. c4 Nf6 5. Nc3 Nc6 6. Be3 e6 7. a3 Be7 8. c5 e5 9. dxe5 Nxe5 10. Bd4 Nc6 11. Bb5 0-0 12. Bxc6 bxc6 13. Nge2 Bf5 14. 0-0 Ne4 15. f3 Nxc5 16. b4 Nd7 17. Rc1 Nb6 18. Na4 Nc4 19. Rc3 a5 20. Bc5 axb4 21. axb4 Bxc5+ 22. Nxc5 Qb6 23. Rb3 Rfe8 24. Rf2 Ra2 25. Nd4 Rxf2 26. Kxf2 Bc8 27. Rb1 g6 28. Qa4 Bb7 29. Qd1 Ba6 30. Qa4 Bb5 31. Qd1 Qd8 32. g3 Qg5 33. f4 Qe7 34. Rb3 h5 35. h4 Kh7 36. f5 Ne3 37. Qf3 Ng4+ 38. Kg2 Ra8 39. Rb2 Qe1 40. fxg6+ fxg6 41. Nce6 Bf1+ 42. Kg1 Be2+ 0-1

[Event "Steyr Landesliga 1819"]
[Site "Austria"]
[Date "2019.02.09"]
[Round "8.6"]
[White "Guede, Werner"]
[Black "Almer, Gerald"]
[Result "0-1"]
[WhiteElo "2094"]
[BlackElo "2141"]
[PlyCount "110"]
[EventDate "2018.10.06"]
[EventType "team-tourn"]
[EventRounds "11"]
[EventCountry "AUT"]
[SourceTitle "CBM 189 Extra"]
[Source "ChessBase"]
[SourceDate "2019.06.03"]
[SourceVersion "1"]
[SourceVersionDate "2019.06.03"]
[SourceQuality "1"]
[WhiteTeam "Graz Schachgesellschaft"]
[BlackTeam "Feldbach Kirchberg"]
[WhiteTeamCountry "AUT"]
[BlackTeamCountry "AUT"]

1. e4 c5 2. Nf3 e6 3. d4 cxd4 4. Nxd4 Nc6 5. Nb3 Nf6 6. Bd3 Ne5 7. 0-0 Be7 8. h3 0-0 9. Be3 b6 10. f4 Nxd3 11. cxd3 Ba6 12. Rf2 d5 13. e5 Nd7 14. d4 b5 15. f5 Qb6 16. Nc3 Nxe5 17. Bf4 Nd7 18. Qf3 b4 19. Ne2 Bc4 20. Be3 a5 21. Rd1 a4 22. Nbc1 Rae8 23. b3 axb3 24. axb3 Bb5 25. Nf4 Nf6 26. Nfd3 Ne4 27. Rff1 Bf6 28. Ne2 exf5 29. Qxf5 Nc3 30. Nxc3 bxc3 31. Bf2 Bxd3 32. Qxd3 Qxb3 33. Rb1 Qa3 34. Ra1 Qb2 35. Rab1 Qd2 36. Rbd1 Qxd3 37. Rxd3 Rc8 38. Be3 c2 39. Rc1 Rc4 40. Kf1 Rfc8 41. Ke2 Be7 42. Rb3 Bb4 43. Kd3 f6 44. Ra1 Kf7 45. Bc1 Kg6 46. Ra7 Re8 47. Ra2 Rec8 48. Ra7 Rc3+ 49. Rxc3 Rxc3+ 50. Ke2 Rg3 51. Kf2 Rd3 52. Ra2 Rxd4 53. Rxc2 Rc4 54. Rxc4 dxc4 55. Kf3 Kf5 0-1

[Event "Steyr Landesliga 1718"]
[Site "Austria"]
[Date "2018.02.03"]
[Round "8.4"]
[White "Wilfling, Hermann"]
[Black "Guede, Werner"]
[Result "1-0"]
[WhiteElo "2145"]
[BlackElo "2015"]
[PlyCount "77"]
[EventDate "2017.09.30"]
[EventType "team-tourn"]
[EventRounds "11"]
[EventCountry "AUT"]
[SourceTitle "EXT 2019"]
[Source "ChessBase"]
[SourceDate "2018.10.10"]
[SourceVersion "1"]
[SourceVersionDate "2018.10.10"]
[SourceQuality "1"]
[WhiteTeam "Feldbach Kirchberg"]
[BlackTeam "Graz Schachgesellschaft"]
[WhiteTeamCountry "AUT"]
[BlackTeamCountry "AUT"]

1. d4 Nf6 2. c4 g6 3. Nc3 Bg7 4. e4 d6 5. Be2 0-0 6. Nf3 e5 7. d5 Nbd7 8. 0-0 h6 9. Nd2 Ne8 10. b4 a5 11. bxa5 Rxa5 12. Nb3 Ra8 13. Be3 f5 14. f3 f4 15. Bf2 g5 16. a4 Ndf6 17. c5 Rf7 18. a5 Bf8 19. cxd6 Nxd6 20. Nc5 Qe7 21. Qb3 Rg7 22. Rfc1 g4 23. Ne6 g3 24. hxg3 fxg3 25. Be3 Rg6 26. Nb5 Nfe8 27. Nbxc7 Nxc7 28. Rxc7 Qh4 29. Kf1 Qh1+ 30. Bg1 h5 31. Nxf8 Kxf8 32. Qc3 Rg5 33. Qc5 Rg6 34. Rc1 h4 35. Qc3 h3 36. Qxe5 Qxg2+ 37. Ke1 Qxg1+ 38. Kd2 Qxc1+ 39. Kxc1 1-0